Descripción de la estructura social y económica en el agro guatemalteco 1954-1975 /

Αποθηκεύτηκε σε:
Λεπτομέρειες βιβλιογραφικής εγγραφής
Κύριος συγγραφέας: Cardona, Rokael
Μορφή: Κείμενο
Θέματα:
Ετικέτες: Προσθήκη ετικέτας
Δεν υπάρχουν, Καταχωρήστε ετικέτα πρώτοι!

MARC

LEADER 00000 a a2200000 04500
001 45312
003
040
090 |a REV0780 (6)1978  
100 |a Cardona, Rokael  
245 |a Descripción de la estructura social y económica en el agro guatemalteco 1954-1975 /  |c Rokael Cardona  
650 |a AGRICULTURA  
650 |a ECONOMIA  
650 |a ESTRUCTURA SOCIAL  
773 |g número6, II Epoca, (julio - diciembre, 1978), páginas 5-43  
999 |c 24766  |d 24766